000 00716nam a2200253Ia 4500
003 OSt
005 20220918164018.0
006 a|||||r|||| 00| 0
007 ta
008 220917b |||||||| |||| 00| 0 eng d
020 _a0404054609
024 _a31,673
037 _cTextual
040 _aARTS
_cARTS
_beng
041 _2eng
_aeng
082 _aO111,6M191x, L3
100 _aRuskin John
_910983
245 0 _aArrows of the Chace
_b Being a collection of scattered letters ed by Oxford Pupil
260 _aNew York
_bGeorge Allen USA
_c1973
300 _a344p.
_ccm.
650 _aENGLISH LITERATURE
942 _hO111,6M191x, L3
_cTEXL
_2CC
999 _c122613
_d122613